000 01268nam a2200205 a 4500
008 190822s1989 ||||||||||||||||| || u
020 _a9780471612438
050 _aTJ 211.4 Spo
100 _aSpong, Mark W
245 1 0 _aRobot dynamics and control
_cBy Mark W. Spong ; M. Vidyasagar
260 _aNew York
_bJohn Wiley & Sons
_c1989
300 _axvi, 336 pages : illustrations
350 _a30.34
700 _aVidyasagar, M
995 _aMAIN LIBRARY OPEN ACCESS
_e749710
_FCBU-MAIN LIBRARY (Kitwe)
_I30.34
_jTJ 211.4 Spo
_M2
_UAVAILABLE
_WAug 22, 2019
_y749710
_ZMain Library Open Access Collection
995 _aMAIN LIBRARY OPEN ACCESS
_e749857
_FCBU-MAIN LIBRARY (Kitwe)
_I30.34
_jTJ 211.4 Spo
_M5
_UAVAILABLE
_WAug 23, 2019
_y749857
_ZMain Library Open Access Collection
995 _aMAIN LIBRARY OPEN ACCESS
_e749856
_FCBU-MAIN LIBRARY (Kitwe)
_I30.34
_jTJ 211.4 Spo
_M4
_UAVAILABLE
_WAug 22, 2019
_y749856
_ZMain Library Open Access Collection
995 _aMAIN LIBRARY OPEN ACCESS
_e749711
_FCBU-MAIN LIBRARY (Kitwe)
_I30.34
_jTJ 211.4 Spo
_M1
_UAVAILABLE
_WAug 22, 2019
_y749711
_ZMain Library Open Access Collection
995 _aMAIN LIBRARY OPEN ACCESS
_e749830
_FCBU-MAIN LIBRARY (Kitwe)
_I30.34
_jTJ 211.4 Spo
_M3
_UAVAILABLE
_WAug 22, 2019
_y749830
_ZMain Library Open Access Collection
999 _c80238
_d80238